000 01073nam a22003377a 4500
003 CHAP
005 20220329135539.0
008 971013s1972 r 00010 d
010 _a38305
011 _a39277
035 _a43397
040 _cCHAP
082 _a575
_bP4
100 0 0 _aPedder, I. J.
_986516
245 _aGenetics
_b: a basic guide
260 _aLondon :
_bHutchinson Educational,
_c1972
300 _a183 p.
_b: ilus. ; láms.
490 _aHutchinson biological monographs
500 _ac.2 ed. por Norton
590 _aBATCH-UPD
_b10
_c20130110
_lUCH01
_h1817
590 _aBATCH-UPD
_b10
_c20130410
_lUCH01
_h1151
590 _aBATCH-UPD
_b10
_c20130914
_lUCH01
_h1535
590 _aCONVERSION
_b10
_c20130109
_lUCH01
_h1321
650 1 4 _aGenética.
_947469
700 0 _aWynne, E. G.
_9122868
830 0 _aHutchinson biological monographs
_957023
901 _aBK
942 _cLIBRO
949 _a575 P4
_bBC
_cLIBRO
_d33724000478319
_eLIBRO
_h29768
_i43397
_si
_t85.00
949 _a575 P4
_bBC
_cLIBRO
_d33724000478327
_eLIBRO
_fc.2
_h57079
_i43397
_si
_t85.00
999 _c38305
_d38305